000 00659nam a2200169 i 4500
001 43594
003 ES-MaACL
005 20230906160834.0
007 t|
008 030318s1973 sp a |||| | spa d
245 0 0 _aCatálogo Esat 73
_b: exposición de equipos para diseño y control de procesos industriales, automatización de la gestión administrativa.
260 _a[Sevilla :
_bEscuela Técnica Superior de Ingenieros Industriales :
_bEd. Católica],
_c1973.
300 _a105 p. :
_bil. ;
_c24 cm.
650 4 _aProcesos de fabricación.
_9169745
710 2 _aEscuela Técnica Superior de Ingenieros Industriales.
_93612
852 _aES-MaACL
_jC-52792
999 _c43594
_d43594